• 首页
  • 本馆介绍
  • 公告通知
  • 最新文献
  • 馆藏检索
  • 电子资源
  • 读者导购
  • 参考咨询
  • 我的图书馆
  • 登录
  • 详细信息显示
  • 放入我的书架
  • 预约/预借图书
  • 作者相关作品
  • 分类相关作品
  • 丛书相关作品
  • 出版社相关作品

书目信息

  • 表格格式
  • 工作单格式
  • 卡片格式
题名:
植物工厂系统与实践
    
 
作者: 杨其长、魏灵玲
分册:  
出版信息: 北京   化学工业出版社  2012
页数: 134
开本: 23cm
丛书名:
单 册:
中图分类: S-39
科图分类:
主题词: 农业科学--科学研究 , 农业科学--试验
电子资源:
ISBN: 7-122-14687-8
000 00633nam0 2200193 450
001 1735846483
005 20170410095726.48
010    @a7-122-14687-8
100    @a20170410d km y0chiy0120 ea
101 0  @achi
200 1  @a植物工厂系统与实践@Azhi wu gong chang xi tong yu shi jian@f杨其长、魏灵玲等@Fyang qi chang、wei ling ling deng
210    @a北京@c化学工业出版社@d2012
215    @a134@c彩图@d23cm
606 0  @a农业科学@x科学研究
606 0  @a农业科学@x试验
690    @aS-39@v4
701  0 @a杨其长、魏灵玲@Ayang qi chang、wei ling ling
801  0 @aCN@b大连网信软件有限公司图书馆·11@c20170410
905    @b6604257@dS-39@en2@f1
    
    植物工厂系统与实践/杨其长、魏灵玲等.-北京:化学工业出版社,2012
    134:彩图;23cm
    
    
    ISBN 7-122-14687-8:
    
●
相关链接 在E读中查询图书 在五车中查询图书 在当当中查询图书 在豆瓣中查询图书


正题名:植物工厂系统与实践     索取号:S-39/n2         预约/预借

序号 登录号 条形码 馆藏地/架位号 状态 备注
1 6604257   266042579   密集书库-生命科学系/ [索取号:S-39/n2] 在馆    
唐山师范学院图书馆 欢迎您!
大连网信软件有限公司© 版权所有